Povinnosti školy začiatkom kalendárneho roka v súvislosti s finančnou kontrolou

Bibliographic Details
Main Author: Tamášová Karácsonyová, Katarína (Author)
Format: Article
Language:Slovak
ISSN:1337-0170
Subjects:

MARC

LEADER 00000nab a2200000 4500
001 vtls012125114
003 SK-MaSNL
005 20260303100301.0
008 220225|2022 xo |||| ||an ||00 0|slo
015 |a SNBRB2022/02 
040 |a SPKCL  |b slo  |e rda 
041 |a slo 
044 |a xo  |c SK 
072 7 |a 336.7  |x Financie  |2 konspekt 
080 |a 35.078.3:336  |2 2011 
100 1 |a Tamášová Karácsonyová, Katarína  |4 aut  |9 437677 
245 1 0 |a Povinnosti školy začiatkom kalendárneho roka v súvislosti s finančnou kontrolou  |c Katarína Tamášová Karacsonyová 
336 |a text  |b txt  |2 rdacontent 
337 |a bez média  |b n  |2 rdamedia 
338 |a zväzok  |b nc  |2 rdacarrier 
650 0 7 |a finančná kontrola  |2 SNKPH  |9 74203 
650 0 7 |a školstvo  |2 SNKPH  |9 19712 
650 0 7 |a rozpočty  |2 SNKPH  |9 278841 
773 0 |t Právny kuriér pre školy  |g Roč. 16, č. 10 (2021), s. 2-3  |x 1337-0170 
999 |c 1828940  |d 1830870